| 000 | 00775cam a22001811 4500 | ||
|---|---|---|---|
| 082 |
_a629.2293 _bHIL _cL-10, P-7 |
||
| 100 | 1 |
_aHills, Stanley Moncoeur, _944416 |
|
| 245 | 1 | 0 |
_aBattery-electric vehicles, _bdealing with the construction and operation of all types of battery-operated electric vehicles and accessory equipment, _cby Stanley M. Hills, with 135 illustrations and many useful tables and charts. |
| 260 |
_aLondon, _bG. Newnes limited _c[1943]. |
||
| 300 |
_aviii, 232 p. _billus., diagrs. _c23 cm. |
||
| 500 | _a"First published 1943." | ||
| 500 | _aPages 207-232, advertising matter. | ||
| 526 |
_a0 _b0 _c0 _d629_229300000000000_HIL |
||
| 650 | 0 |
_aElectric automobiles. _944417 |
|
| 650 | 0 |
_aElectric locomotives. _943508 |
|
| 650 | 0 |
_aMCE _9379 |
|
| 942 |
_2ddc _cBK |
||
| 999 |
_c548209 _d548209 |
||